[Event "South Wales op 20th"]
[Site "Bridgend"]
[Date "2025.07.04"]
[Round "1"]
[White "Hariharan, Shambavi"]
[Black "Zheng, Lucas"]
[Result "1-0"]
[WhiteElo "1936"]
[BlackElo "1523"]
[PlyCount "67"]
[EventDate "2025.07.04"]
[EventType "swiss"]
[EventRounds "9"]
[EventCountry "WLS"]
[SourceTitle "CB29_2025"]
[SourceDate "2025.07.16"]
[SourceVersion "1"]
[SourceVersionDate "2025.07.16"]
[SourceQuality "1"]

1. d4 Nf6 2. c4 e6 3. Nc3 Bb4 4. Qc2 b6 5. Bg5 Bb7 6. e3 c5 7. Nge2 h6 8. Bh4 d6 9. f3 Nbd7 10. Rd1 0-0 11. e4 Qc7 12. a3 Bxc3+ 13. Nxc3 a6 14. Bg3 Qc6 15. d5 exd5 16. Nxd5 Nxd5 17. Rxd5 Qc8 18. Rxd6 Re8 19. Be2 Nf6 20. 0-0 Re6 21. Rfd1 Rxd6 22. Rxd6 Nh5 23. Qd2 Nxg3 24. hxg3 Qc7 25. Rd7 Qc8 26. Qd6 Bc6 27. Rc7 Qe8 28. Qxc6 Qd8 29. Qd7 Qg5 30. Qxf7+ Kh8 31. Qf4 Qd8 32. Qe5 Qf8 33. Qe7 Qxe7 34. Rxe7 1-0

[Event "Crewe Alexandra op"]
[Site "Crewe Alexandra"]
[Date "2025.06.29"]
[Round "4"]
[White "Chan, Sheng Liang Bernard"]
[Black "Hariharan, Shambavi"]
[Result "1-0"]
[WhiteElo "2099"]
[BlackElo "1936"]
[PlyCount "73"]
[EventDate "2025.06.27"]
[EventType "swiss"]
[EventRounds "5"]
[EventCountry "ENG"]
[SourceTitle "CB27_2025"]
[SourceDate "2025.07.02"]
[SourceVersion "1"]
[SourceVersionDate "2025.07.02"]
[SourceQuality "1"]

1. d4 Nf6 2. Nf3 e6 3. Bf4 d5 4. e3 a6 5. Bd3 c5 6. c3 Nc6 7. Nbd2 Bd6 8. Bg3 Bxg3 9. hxg3 Qd6 10. dxc5 Qxc5 11. e4 b5 12. e5 Ng4 13. Qe2 h5 14. Nb3 Qb6 15. Nbd4 Bb7 16. Nxc6 Qxc6 17. Nd4 Qc7 18. f4 b4 19. cxb4 Qb6 20. Qd2 Ke7 21. Be2 Rac8 22. Bxg4 hxg4 23. Rxh8 Rxh8 24. 0-0-0 Bc6 25. b3 Bd7 26. Kb2 Rh2 27. a4 f6 28. Ka3 Rh8 29. Rc1 Kf7 30. Rc5 Qb8 31. exf6 gxf6 32. f5 Qe5 33. fxe6+ Bxe6 34. Qf4 Re8 35. Rc7+ Kg6 36. Rc1 Re7 37. Nc6 1-0

[Event "Titled Tuesday intern op 20th May Late"]
[Site "Chess.com INT"]
[Date "2025.05.20"]
[Round "1"]
[White "Hariharan, Shambavi"]
[Black "Tologontegin, Semetey"]
[Result "1-0"]
[WhiteElo "1892"]
[BlackElo "2313"]
[PlyCount "99"]
[EventDate "2025.05.20"]
[EventType "swiss (blitz)"]
[EventRounds "11"]
[EventCountry "USA"]
[SourceTitle "CB22_2025"]
[SourceDate "2025.05.28"]
[SourceVersion "1"]
[SourceVersionDate "2025.05.28"]
[SourceQuality "1"]

1. Nf3 g6 2. g3 Bg7 3. Bg2 d5 4. 0-0 Bf5 5. d3 Qc8 6. Nbd2 Bh3 7. e4 dxe4 8. dxe4 h5 9. Bxh3 Qxh3 10. Ng5 Qg4 11. Ndf3 f6 12. Qd5 fxg5 13. Nxg5 Nh6 14. Qxb7 0-0 15. Qxa8 e6 16. Qb7 Bd4 17. Be3 Bxe3 18. fxe3 Nd7 19. Rxf8+ Nxf8 20. Qb5 a6 21. Qe5 Qe2 22. Rf1 Qxe3+ 23. Kh1 Qe2 24. Qf6 Qxh2+ 25. Kxh2 Ng4+ 26. Kg2 Nxf6 27. Rxf6 Kg7 28. Rf7+ Kh6 29. Nf3 Nh7 30. Rxc7 Nf6 31. e5 Nd5 32. Rc6 Ne3+ 33. Kg1 h4 34. Nxh4 g5 35. Ng2 Nf5 36. Rxe6+ Kh5 37. Kf2 Kg4 38. Ne3+ Nxe3 39. Kxe3 Kf5 40. Rxa6 Kxe5 41. Rg6 Kf5 42. Rxg5+ Kxg5 43. a4 Kg4 44. a5 Kxg3 45. a6 Kg4 46. a7 Kg3 47. a8Q Kh2 48. Qg8 Kh3 49. Kf3 Kh2 50. Qg2# 1-0

[Event "Titled Tuesday intern op 20th May Late"]
[Site "Chess.com INT"]
[Date "2025.05.20"]
[Round "8"]
[White "Mazzilli, Piero"]
[Black "Hariharan, Shambavi"]
[Result "1/2-1/2"]
[WhiteElo "2274"]
[BlackElo "1892"]
[PlyCount "95"]
[EventDate "2025.05.20"]
[EventType "swiss (blitz)"]
[EventRounds "11"]
[EventCountry "USA"]
[SourceTitle "CB22_2025"]
[SourceDate "2025.05.28"]
[SourceVersion "1"]
[SourceVersionDate "2025.05.28"]
[SourceQuality "1"]

1. e4 e5 2. Nf3 Nc6 3. Bb5 a6 4. Bxc6 dxc6 5. d4 exd4 6. Qxd4 Qxd4 7. Nxd4 Bc5 8. Be3 Bb6 9. Nd2 Nf6 10. f3 Bd7 11. Nc4 Ba7 12. Ne5 Bxd4 13. Bxd4 Be6 14. 0-0-0 0-0-0 15. g4 Rhg8 16. b3 Nd7 17. Nd3 f6 18. Bc3 b6 19. Rhg1 h6 20. h4 Rdf8 21. Rdf1 g6 22. g5 hxg5 23. hxg5 f5 24. Nf4 Re8 25. Nxe6 Rxe6 26. exf5 gxf5 27. f4 Nc5 28. Rh1 Ne4 29. Be5 Ng3 30. Rhg1 Nxf1 31. Rxf1 Kd7 32. Rh1 Rxe5 33. fxe5 Rxg5 34. Rh6 c5 35. Kb2 Rg2 36. Rf6 Rf2 37. Kc3 f4 38. Kd3 Ke7 39. a4 a5 40. c4 Rf1 41. Ke4 Re1+ 42. Kxf4 Rf1+ 43. Kg5 Rg1+ 44. Kf5 Rf1+ 45. Kg6 Rg1+ 46. Kf5 Rf1+ 47. Kg6 Rg1+ 48. Kf5 1/2-1/2

[Event "EU-ch (Women) 25th"]
[Site "Rhodes"]
[Date "2025.04.10"]
[Round "10"]
[White "Karadas, Hena"]
[Black "Hariharan, Shambavi"]
[Result "1/2-1/2"]
[WhiteElo "1932"]
[BlackElo "2034"]
[PlyCount "53"]
[EventDate "2025.03.31"]
[EventType "swiss"]
[EventRounds "11"]
[EventCountry "GRE"]
[SourceTitle "CB16_2025"]
[SourceDate "2025.04.16"]
[SourceVersion "1"]
[SourceVersionDate "2025.04.16"]
[SourceQuality "1"]

1. d4 d5 2. Nf3 Nf6 3. Bg5 Ne4 4. Bh4 Qd6 5. c3 Qh6 6. Nbd2 g5 7. Bg3 Nxg3 8. fxg3 g4 9. Ne5 Qe3 10. Qb3 Bh6 11. 0-0-0 c6 12. h3 gxh3 13. g4 h2 14. Rxh2 f6 15. Rh3 Qg5 16. Nd3 b6 17. Nf2 f5 18. gxf5 Bxf5 19. g4 Bd7 20. e4 Rf8 21. Rh2 Qe3 22. Rh3 Qxf2 23. Rxh6 Bxg4 24. exd5 Bxd1 25. Qxd1 cxd5 26. Rxh7 Qf5 27. Rh5 1/2-1/2

[Event "EU-ch (Women) 25th"]
[Site "Rhodes"]
[Date "2025.04.09"]
[Round "9"]
[White "Kosma, Maria"]
[Black "Hariharan, Shambavi"]
[Result "1/2-1/2"]
[WhiteElo "1769"]
[BlackElo "2034"]
[PlyCount "71"]
[EventDate "2025.03.31"]
[EventType "swiss"]
[EventRounds "11"]
[EventCountry "GRE"]
[SourceTitle "CB16_2025"]
[SourceDate "2025.04.16"]
[SourceVersion "1"]
[SourceVersionDate "2025.04.16"]
[SourceQuality "1"]

1. e4 e5 2. Nf3 Nc6 3. Bb5 a6 4. Ba4 Nf6 5. d3 b5 6. Bb3 Bc5 7. c3 h6 8. d4 exd4 9. e5 Ng8 10. cxd4 Bb4+ 11. Nc3 d5 12. exd6 Bxd6 13. 0-0 Nge7 14. h3 0-0 15. Bc2 Bf5 16. Ne4 Re8 17. a3 Ng6 18. Re1 Nce7 19. Nc3 Bxc2 20. Qxc2 Bf4 21. Qe4 Qd6 22. Be3 c6 23. Qc2 Nd5 24. Ne4 Qd7 25. Bxf4 Ndxf4 26. Kh2 Qd5 27. Re3 Ne6 28. Rd1 Rad8 29. Nc3 Qd6+ 30. g3 Nc7 31. h4 Nd5 32. Nxd5 Qxd5 33. Rde1 Rxe3 34. Rxe3 Rc8 35. b4 Ra8 36. Qd2 1/2-1/2

[Event "EU-ch (Women) 25th"]
[Site "Rhodes"]
[Date "2025.04.04"]
[Round "5"]
[White "Hariharan, Shambavi"]
[Black "Pavlidou, Ekaterini"]
[Result "0-1"]
[WhiteElo "2034"]
[BlackElo "2175"]
[PlyCount "106"]
[EventDate "2025.03.31"]
[EventType "swiss"]
[EventRounds "11"]
[EventCountry "GRE"]
[SourceTitle "CB16_2025"]
[SourceDate "2025.04.16"]
[SourceVersion "1"]
[SourceVersionDate "2025.04.16"]
[SourceQuality "1"]

1. d4 Nf6 2. Nf3 c5 3. d5 d6 4. Nc3 g6 5. e4 Bg4 6. h3 Bxf3 7. Qxf3 Nbd7 8. Bf4 Bg7 9. Bc4 a6 10. a4 0-0 11. 0-0 Nh5 12. Bh2 Be5 13. Be2 f5 14. exf5 Rxf5 15. Qe3 Bd4 16. Qe6+ Rf7 17. Bxh5 gxh5 18. Ne2 Nf8 19. Qh6 Bg7 20. Qxh5 Qb6 21. Rab1 Ng6 22. b3 Raf8 23. c4 Qb4 24. f4 Qd2 25. Kh1 Rf5 26. Qg4 Ne5 27. Qh4 Qxe2 28. Rfe1 Ng6 29. Qxh7+ Kxh7 30. Rxe2 Nxf4 31. Bxf4 Rxf4 32. Rxe7 R8f7 33. Rbe1 Be5 34. Rxf7+ Rxf7 35. Kg1 a5 36. Re4 Kg6 37. Re1 Rf4 38. Re2 Rd4 39. Re1 Rd3 40. Rb1 Bg3 41. Kf1 Re3 42. Kg1 Kf5 43. Kf1 Ke4 44. Kg1 Kd3 45. Rf1 Kc2 46. Rf3 Re1+ 47. Rf1 Rxf1+ 48. Kxf1 Kxb3 49. Ke2 Kxc4 50. Kf3 Be5 51. g4 Kb3 52. g5 c4 53. g6 c3 0-1

[Event "EU-ch (Women) 25th"]
[Site "Rhodes"]
[Date "2025.04.02"]
[Round "3"]
[White "Hariharan, Shambavi"]
[Black "Terbe, Zsuzsanna"]
[Result "1/2-1/2"]
[WhiteElo "2034"]
[BlackElo "2192"]
[PlyCount "82"]
[EventDate "2025.03.31"]
[EventType "swiss"]
[EventRounds "11"]
[EventCountry "GRE"]
[SourceTitle "CB16_2025"]
[SourceDate "2025.04.16"]
[SourceVersion "1"]
[SourceVersionDate "2025.04.16"]
[SourceQuality "1"]

1. d4 d5 2. c4 c6 3. Nf3 Nf6 4. e3 e6 5. Nc3 Nbd7 6. b3 Bd6 7. Bb2 0-0 8. Be2 b6 9. 0-0 Bb7 10. Qc2 Qe7 11. e4 dxe4 12. Nxe4 Nxe4 13. Qxe4 f5 14. Qd3 c5 15. Rad1 Rad8 16. dxc5 Nxc5 17. Qe3 Ne4 18. Be5 f4 19. Bxd6 Rxd6 20. Qc1 e5 21. Rxd6 Qxd6 22. Qb2 Re8 23. Rd1 Qc5 24. Bf1 Nf6 25. b4 Qe7 26. Qb3 Bxf3 27. gxf3 Kh8 28. a3 e4 29. fxe4 Nxe4 30. Re1 Qg5+ 31. Bg2 Nf6 32. Rxe8+ Nxe8 33. Qf3 Qe5 34. Qa8 Qe1+ 35. Bf1 h5 36. Kg2 Kh7 37. Bd3+ Kh6 38. Be4 f3+ 39. Kxf3 Qd1+ 40. Kg2 Qg4+ 41. Kf1 Qd1+ 1/2-1/2

[Event "Titled Tuesday intern op 18th Mar Late"]
[Site "Chess.com INT"]
[Date "2025.03.18"]
[Round "3"]
[White "Hariharan, Shambavi"]
[Black "Dobrosmyslov, Artem"]
[Result "1-0"]
[WhiteElo "2024"]
[BlackElo "2280"]
[PlyCount "119"]
[EventDate "2025.03.18"]
[EventType "swiss (blitz)"]
[EventRounds "11"]
[EventCountry "USA"]
[SourceTitle "CB13_2025"]
[SourceDate "2025.03.26"]
[SourceVersion "1"]
[SourceVersionDate "2025.03.26"]
[SourceQuality "1"]

1. Nf3 b6 2. g3 Bb7 3. Bg2 c5 4. 0-0 e6 5. d3 Nf6 6. e4 d6 7. Nbd2 Nbd7 8. Re1 Be7 9. c3 0-0 10. Qc2 Rc8 11. Nc4 b5 12. Ne3 Qb6 13. h4 a5 14. b3 Rfd8 15. Bb2 Ba6 16. c4 b4 17. d4 a4 18. Rad1 a3 19. Ba1 Bb7 20. d5 exd5 21. exd5 Bf8 22. Nf5 Re8 23. Qd2 Rxe1+ 24. Rxe1 Re8 25. Rxe8 Nxe8 26. Qg5 f6 27. Qg4 Bc8 28. Nh6+ Kh8 29. Nf7+ Kg8 30. Qe6 h5 31. Nxd6+ Kh7 32. Qxe8 Qxd6 33. Qxc8 Nb6 34. Qf5+ Kg8 35. Nd2 Qd7 36. Qxd7 Nxd7 37. Ne4 Kf7 38. f4 g6 39. Kf2 f5 40. Ng5+ Ke7 41. Ne6 Bh6 42. Be5 Nxe5 43. fxe5 Bc1 44. Kf3 Bb2 45. Nxc5 Bxe5 46. Nd3 Bc3 47. c5 Bd2 48. Ke2 Bc3 49. d6+ Kd7 50. Ke3 Bb2 51. Kf4 Bc3 52. Kg5 Bd4 53. Kxg6 Bf2 54. Kxf5 Bxg3 55. Kg5 Bxd6 56. cxd6 Kxd6 57. Nxb4 Kc5 58. Nc2 Kb5 59. Nxa3+ Ka5 60. Nc4+ 1-0

[Event "Titled Tuesday intern op 04th Mar Early"]
[Site "Chess.com INT"]
[Date "2025.03.04"]
[Round "4"]
[White "Hariharan, Shambavi"]
[Black "Lau, Lut Yin Luke"]
[Result "1-0"]
[WhiteElo "2024"]
[BlackElo "2240"]
[PlyCount "125"]
[EventDate "2025.03.04"]
[EventType "swiss (blitz)"]
[EventRounds "11"]
[EventCountry "USA"]
[SourceTitle "CB11_2025"]
[SourceDate "2025.03.12"]
[SourceVersion "1"]
[SourceVersionDate "2025.03.12"]
[SourceQuality "1"]

1. Nf3 c6 2. g3 g6 3. Bg2 Bg7 4. 0-0 d5 5. d3 Nd7 6. Nbd2 Ngf6 7. e4 e5 8. Re1 dxe4 9. Nxe4 Nxe4 10. Rxe4 0-0 11. Bg5 Qc7 12. Qd2 Nc5 13. Ree1 Re8 14. Bh6 Bh8 15. d4 Nd7 16. dxe5 Nxe5 17. Nxe5 Rxe5 18. Bf4 Rxe1+ 19. Rxe1 Qd7 20. Qe3 Qe6 21. Rd1 Bf6 22. c3 Qxe3 23. Bxe3 Be6 24. a3 a5 25. h4 h5 26. Bf3 a4 27. Be4 Ra5 28. Bc2 Rb5 29. Bxa4 Rxb2 30. Bd4 Be7 31. Ra1 b5 32. Bd1 Bd5 33. a4 bxa4 34. c4 Bxc4 35. Bxb2 a3 36. Bxa3 Bf6 37. Rc1 Bd3 38. Rxc6 Be5 39. Rc8+ Kg7 40. Rd8 Bf5 41. Bf8+ Kh7 42. Bf3 Bc7 43. Re8 Bb6 44. Re7 Kg8 45. Bh6 Be6 46. Re8+ Kh7 47. Bf4 Bc5 48. Kg2 Bd4 49. Ra8 Bf6 50. Ra7 Bd4 51. Rb7 Kg7 52. g4 hxg4 53. Be4 Kf6 54. Bd3 Bc3 55. Bg5+ Kg7 56. Bf4 Kf6 57. Bg5+ Kg7 58. Kg3 Be5+ 59. Bf4 Bd4 60. Bg5 Be5+ 61. Bf4 Bd4 62. Be2 Bd5 63. Rd7 1-0

[Event "Titled Tuesday intern op 25th Feb Early"]
[Site "Chess.com INT"]
[Date "2025.02.25"]
[Round "4"]
[White "Hariharan, Shambavi"]
[Black "Ibadov, Dashgyn"]
[Result "0-1"]
[WhiteElo "2000"]
[BlackElo "2337"]
[PlyCount "90"]
[EventDate "2025.02.25"]
[EventType "swiss (blitz)"]
[EventRounds "11"]
[EventCountry "USA"]
[SourceTitle "CB10_2025"]
[SourceDate "2025.03.05"]
[SourceVersion "1"]
[SourceVersionDate "2025.03.05"]
[SourceQuality "1"]

1. Nf3 d5 2. g3 Nd7 3. Bg2 e5 4. d3 Ngf6 5. 0-0 Bd6 6. Nbd2 0-0 7. e4 c6 8. Re1 Re8 9. c3 h6 10. Qc2 Nf8 11. d4 dxe4 12. Nxe4 Bf5 13. Nxf6+ Qxf6 14. Qb3 exd4 15. cxd4 Rxe1+ 16. Nxe1 Qxd4 17. Be3 Qb4 18. Qxb4 Bxb4 19. Nf3 Ne6 20. a3 Ba5 21. Rd1 Bb6 22. Bxb6 axb6 23. Ne5 Rd8 24. Rxd8+ Nxd8 25. Nc4 b5 26. Nd6 Bd7 27. f4 f5 28. Bh3 g6 29. g4 fxg4 30. Bg2 Kf8 31. Kf2 Ke7 32. Ne4 Bf5 33. Nc5 Kd6 34. Nb3 c5 35. Na5 b6 36. Nb3 Ne6 37. Ke3 c4 38. Nd4 Nxd4 39. Kxd4 h5 40. Bf1 h4 41. Bg2 h3 42. Bf1 Bd7 43. Be2 g3 44. hxg3 h2 45. Bf3 Bc6 0-1

[Event "BCF-chT2 2425 (4NCL)"]
[Site "England"]
[Date "2025.01.26"]
[Round "4.18"]
[White "Barwick, Carmel"]
[Black "Hariharan, Shambavi"]
[Result "1/2-1/2"]
[WhiteElo "1895"]
[BlackElo "1989"]
[PlyCount "116"]
[EventDate "2024.11.23"]
[EventType "team-tourn"]
[EventRounds "11"]
[EventCountry "ENG"]
[SourceTitle "CB14_2025"]
[SourceDate "2024.11.01"]
[SourceVersion "1"]
[SourceVersionDate "2024.11.01"]
[SourceQuality "1"]
[WhiteTeam "The Audible Checks"]
[BlackTeam "Oxford"]
[WhiteTeamCountry "ENG"]
[BlackTeamCountry "ENG"]

1. e4 e5 2. Nf3 Nc6 3. d4 exd4 4. Bc4 Bc5 5. c3 d3 6. Qxd3 d6 7. b4 Bb6 8. Bg5 Nge7 9. 0-0 Be6 10. Bb5 f6 11. Be3 0-0 12. Bc4 Bxc4 13. Qxc4+ Kh8 14. Nd4 Nxd4 15. Bxd4 d5 16. exd5 Qxd5 17. Qxd5 Nxd5 18. a3 Bxd4 19. cxd4 c6 20. g3 Rad8 21. Nd2 Nc3 22. Nb3 Ne2+ 23. Kg2 Nxd4 24. Nxd4 Rxd4 25. Rad1 Rfd8 26. Rxd4 Rxd4 27. Re1 h6 28. Re7 Rd3 29. Rxb7 Rxa3 30. Rc7 Rb3 31. Rxc6 Rxb4 32. Ra6 Rb7 33. Kf3 Kh7 34. h4 h5 35. g4 Rb3+ 36. Kg2 hxg4 37. Rxa7 f5 38. Ra5 g6 39. h5 gxh5 40. Rxf5 Kg6 41. Ra5 Rf3 42. Rb5 h4 43. Rb6+ Kg5 44. Rb5+ Rf5 45. Rb3 Rd5 46. Ra3 h3+ 47. Kg3 Rd1 48. Ra5+ Kf6 49. Ra6+ Kf5 50. Ra5+ Ke6 51. Ra6+ Kd5 52. Ra5+ Kc6 53. Kh2 Rd5 54. Ra6+ Kc5 55. Rh6 Rg5 56. Kg3 Kd4 57. f3 gxf3+ 58. Kxf3 Ke5 1/2-1/2

[Event "Huddersfield 4NCL op 32nd"]
[Site "Huddersfield"]
[Date "2025.01.18"]
[Round "2"]
[White "Elgar, Tim"]
[Black "Hariharan, Shambavi"]
[Result "1/2-1/2"]
[WhiteElo "2044"]
[BlackElo "1989"]
[PlyCount "72"]
[EventDate "2025.01.17"]
[EventType "swiss"]
[EventRounds "5"]
[EventCountry "ENG"]
[SourceTitle "CB04_2025"]
[SourceDate "2025.01.22"]
[SourceVersion "1"]
[SourceVersionDate "2025.01.22"]
[SourceQuality "1"]

1. Nf3 d5 2. g3 g6 3. Bg2 Bg7 4. 0-0 e5 5. d3 Ne7 6. c4 0-0 7. cxd5 Nxd5 8. Nc3 c6 9. Bd2 h6 10. Rb1 Be6 11. a3 Nd7 12. b4 Rc8 13. Qc2 Re8 14. Rfc1 b6 15. Qb2 Qe7 16. Rc2 Nxc3 17. Bxc3 Qd6 18. Nd2 Bd5 19. e4 Be6 20. Nc4 Qb8 21. Rbc1 c5 22. Ne3 cxb4 23. axb4 Qd6 24. Rd2 Rc7 25. Nc4 Qe7 26. Rcd1 Rec8 27. Bxe5 Nxe5 28. Nxe5 Bg4 29. f3 Bxe5 30. d4 Bxd4+ 31. Qxd4 Be6 32. Bf1 Bc4 33. Bh3 Be6 34. Bf1 Bc4 35. Bh3 Be6 36. Bf1 Bc4 1/2-1/2

[Event "BCF-chT2 2425 (4NCL)"]
[Site "England"]
[Date "2024.11.24"]
[Round "2.15"]
[White "Dicen, Elis Denele"]
[Black "Hariharan, Shambavi"]
[Result "1-0"]
[WhiteElo "2100"]
[BlackElo "1940"]
[PlyCount "57"]
[EventDate "2024.11.23"]
[EventType "team-tourn"]
[EventRounds "11"]
[EventCountry "ENG"]
[SourceTitle "CB48_2024"]
[SourceDate "2024.11.28"]
[SourceVersion "1"]
[SourceVersionDate "2024.11.28"]
[SourceQuality "1"]
[WhiteTeam "Warwicks Select"]
[BlackTeam "Oxford"]
[WhiteTeamCountry "ENG"]
[BlackTeamCountry "ENG"]

1. d4 Nf6 2. c4 e6 3. Nc3 d5 4. cxd5 exd5 5. Bg5 Bb4 6. e3 h6 7. Bh4 c5 8. dxc5 Nc6 9. Nf3 g5 10. Bg3 Ne4 11. Rc1 Qa5 12. Qb3 Nxc5 13. Qc2 Qxa2 14. Bb5 a6 15. Bxc6+ bxc6 16. Be5 Rg8 17. 0-0 Qa5 18. e4 Bxc3 19. Bxc3 Qa4 20. b3 Qxb3 21. Qe2 Qc4 22. Qe3 Be6 23. Nd2 Qb5 24. Rb1 d4 25. Bxd4 Nb3 26. Nxb3 Rd8 27. Bf6 Rc8 28. Qa7 Bd7 29. Nc5 1-0

[Event "Berks & Bucks op"]
[Site "Maidenhead"]
[Date "2024.08.26"]
[Round "5"]
[White "Hariharan, Shambavi"]
[Black "Milnes, Anthony CP"]
[Result "1/2-1/2"]
[WhiteElo "1955"]
[BlackElo "1924"]
[PlyCount "32"]
[EventDate "2024.08.24"]
[EventType "swiss"]
[EventRounds "6"]
[EventCountry "ENG"]
[SourceTitle "CBM 221 Extra"]
[Source "ChessBase"]
[SourceDate "2024.09.30"]
[SourceVersion "1"]
[SourceVersionDate "2024.09.30"]
[SourceQuality "1"]

1. d4 e6 2. c4 f5 3. g3 Nf6 4. Bg2 Bb4+ 5. Nd2 Ne4 6. Ngf3 0-0 7. 0-0 Nc6 8. a3 Nxd2 9. Bxd2 Bxd2 10. Qxd2 d6 11. b4 Qf6 12. d5 Nd8 13. dxe6 Nxe6 14. e3 Bd7 15. Nd4 Nxd4 16. Qxd4 Bc6 1/2-1/2

[Event "Berks & Bucks op"]
[Site "Maidenhead"]
[Date "2024.08.24"]
[Round "1"]
[White "Hariharan, Shambavi"]
[Black "Rogers, Timothy"]
[Result "0-1"]
[WhiteElo "1955"]
[BlackElo "2078"]
[PlyCount "164"]
[EventDate "2024.08.24"]
[EventType "swiss"]
[EventRounds "6"]
[EventCountry "ENG"]
[SourceTitle "CBM 221 Extra"]
[Source "ChessBase"]
[SourceDate "2024.09.30"]
[SourceVersion "1"]
[SourceVersionDate "2024.09.30"]
[SourceQuality "1"]

1. d4 d5 2. c4 e6 3. Nf3 Nf6 4. g3 Be7 5. Bg2 0-0 6. 0-0 dxc4 7. a4 c5 8. dxc5 Qc7 9. Qc2 Qxc5 10. Na3 Bd7 11. Qxc4 Bc6 12. Qxc5 Bxc5 13. Nc4 Nbd7 14. Bf4 Nb6 15. Nxb6 axb6 16. b3 Nd5 17. Ne5 Nxf4 18. gxf4 Bxg2 19. Kxg2 Rfd8 20. Rfd1 g5 21. Nd3 gxf4 22. Nxf4 Kf8 23. e3 Ke7 24. Kf3 Bd6 25. h3 Ra5 26. Nd3 Rf5+ 27. Ke2 Rh5 28. Rh1 Rg8 29. Rac1 Rh4 30. Ne1 b5 31. Nf3 Rb4 32. axb5 Rxb3 33. Nd4 Rb2+ 34. Kf3 Rg6 35. Rc2 Rf6+ 36. Ke2 Rb4 37. Rcc1 e5 38. Nc2 Rxb5 39. Rb1 Rxb1 40. Rxb1 Rh6 41. Rxb7+ Ke6 42. Rb6 Rxh3 43. Na3 Kd5 44. Nb5 Rh6 45. Nc3+ Kc5 46. Rb7 f5 47. Rf7 Kc4 48. Na4 Rh5 49. Nb6+ Kc5 50. Nd7+ Kd5 51. Nf6+ Ke6 52. Rxh7 Rxh7 53. Nxh7 Be7 54. f4 e4 55. Kf2 Kf7 56. Kg2 Kg6 57. Ng5 Bxg5 58. fxg5 Kxg5 59. Kg3 Kh5 60. Kh3 Kg6 61. Kg2 Kf6 62. Kf2 Ke6 63. Ke1 Kd5 64. Kd2 Kc4 65. Kc2 Kb4 66. Kb2 Kb5 67. Kb3 Kc5 68. Kc3 Kd5 69. Kd2 Kd6 70. Kd1 Kc5 71. Kc1 Kb5 72. Kb1 Ka4 73. Kc2 Kb4 74. Kb2 Kc5 75. Kc3 Kd6 76. Kc2 Ke5 77. Kd2 Kf6 78. Ke2 Kg5 79. Kf1 Kh4 80. Kf2 Kh3 81. Ke2 Kg2 82. Kd2 Kf2 0-1